| 000 | 00694 a2200109 4500 | ||
|---|---|---|---|
| 020 | _a0872629848 | ||
| 082 | _a624.15 CAR | ||
| 245 |
_aAdvances in site characterization : _bdata acquisition, data management, and data interpretation : proceedings of a symposium sponsored by the Committee on Engineering Geology and the Committee on Soil Properties of the Geotechnical Engineering Division of the American Society of Civil Engineers in conjunction with the ASCE Convention in Dallas, Texas, October 27-28, 1993 / _cedited by Carlton L. Ho and Roman D. Hryciw. |
||
| 260 |
_aNew York, NY : _bASCE, _c1993. |
||
| 300 |
_av, 116 p. : _bill.; _c22 cm. |
||
| 650 |
_aSoil mechanics _xCongresses. |
||
| 650 |
_aBuilding sites _xCongresses. |
||
| 999 |
_c1075 _d1075 |
||